RECOMMENDED contract practice for underground construction

Uloženo v:
Podrobná bibliografie
Médium: Kniha
Jazyk:angličtina
Vydáno: Society for Mining , Metallurgy & Exploration 2019
Tagy: Přidat tag
Žádné tagy, Buďte první, kdo vytvoří štítek k tomuto záznamu!

MARC

LEADER 00000nam a22000007a 4500
008 240124b |||||||| |||| 00| 0 eng d
020 |a 9780873354592 
245 |a RECOMMENDED contract practice for underground construction  |c /edited by Sarah H.Wilson  |g xi, 220p 
250 |b 2nd  |c Wilson, Sarah H. 
260 |b Society for Mining , Metallurgy & Exploration  |c 2019  |h Colorado, U.S.A.  |i 699854  |i 699855  |l KF902.R24  |m Underground construction contracts-United States 
500 |a it includes index 
942 |a lcc  |c BK  |e Johnson  |f 24/01/24 
952 |0 0  |1 0  |2 lcc  |4 0  |6 KF0902 R24  |7 0  |9 4816  |a LL  |b HOL  |c GJ  |d 2024-01-24  |l 0  |o KF902.R24  |p 2024-0069  |r 2024-01-24 00:00:00  |w 2024-01-24  |y BK 
952 |0 0  |1 0  |2 lcc  |4 0  |6 KF0902 R24  |7 0  |9 4817  |a HOL  |b HOL  |c GJ  |d 2024-01-24  |l 0  |o KF902.R24  |p 2024-0070  |r 2024-01-24 00:00:00  |t 699855  |w 2024-01-24  |y BK 
999 |c 2404  |d 2404